[Event "Indywidualne Mistrzostwa Polski do lat 20"]
[Site "Osrodek „SUDETY”, Pokrzywna 75"]
[Date "1899-12-30"]
[Round "6.21"]
[White "Zielonka, Adam"]
[Black "Paprocki, Antoni"]
[Result "0-1"]
[WhiteTitle "I"]
[BlackTitle "I++"]
[WhiteElo "1862"]
[BlackElo "1889"]

1. c4 e5 2. e3 f5 3. d4 d6 4. Nc3 Be7 5. Nf3 e4 6. Nd2 Nf6 7. Be2 O-O 8. b4 a5
9. bxa5 Rxa5 10. Qb3 c5 11. d5 Nbd7 12. O-O Ne5 13. Bb2 g5 14. f4 gxf4 15. exf4
Ng6 16. Nd1 Ne8 17. Ne3 Bf6 18. Bxf6 Qxf6 19. g3 Ng7 20. Rfc1 Ra7 21. Qc3 Qf7
22. a4 Bd7 23. a5 Rfa8 24. Rcb1 Qe7 25. Rb6 Ne8 26. Qb2 Qd8 27. Rxb7 Rxb7 28.
Qxb7 Rb8 29. Qa7 Ra8 30. Qb7 Rb8 31. Qa7 Rb2 32. Rd1 Ne7 33. Bf1 Nc8 0-1

[Event "Indywidualne Mistrzostwa Polski do lat 20"]
[Site "Osrodek „SUDETY”, Pokrzywna 75"]
[Date "1899-12-30"]
[Round "6.22"]
[White "Kutowski, Marcel"]
[Black "Bujalski, Mateusz"]
[Result "1-0"]
[WhiteTitle "I+"]
[BlackTitle "I"]
[WhiteElo "1894"]
[BlackElo "1802"]

1. e4 e5 2. Nf3 Nc6 3. Bb5 a6 4. Ba4 Nf6 5. O-O Be7 6. Re1 b5 7. Bb3 O-O 8. a4
Bb7 9. d3 d6 10. c3 Na5 11. Bc2 c5 12. Nbd2 c4 13. d4 Nc6 14. d5 Nb8 15. Nf1 Nbd7
16. Ng3 g6 17. Bh6 Re8 18. h3 Bf8 19. Qd2 Bg7 20. Nf5 gxf5 21. Qg5 Nh5 22. Qxh5
Bxh6 23. Qxh6 Qf6 24. Qh5 Nc5 25. exf5 Bxd5 26. Nh2 Qg7 27. Ng4 f6 28. Rad1 Bb7
29. Rxd6 Rf8 30. Qh4 Kh8 31. Rxf6 Rxf6 32. Qxf6 Qxf6 33. Nxf6 Nd3 34. Bxd3 cxd3
35. f3 Rf8 36. Ne4 Bd5 37. axb5 axb5 38. Nd2 Rxf5 39. Re3 Be6 40. Rxd3 Rg5 41.
Kf2 Rg8 42. Rd6 Bf7 43. Ne4 b4 44. Rd7 Bg6 45. c4 b3 46. Rd3 Rc8 47. Rc3 Rd8 48.
Ke3 1-0

[Event "Indywidualne Mistrzostwa Polski do lat 20"]
[Site "Osrodek „SUDETY”, Pokrzywna 75"]
[Date "1899-12-30"]
[Round "6.23"]
[White "Bartodziej, Bartosz"]
[Black "Lechowski, Witold"]
[Result "1/2-1/2"]
[WhiteTitle "I"]
[BlackTitle "II"]
[WhiteElo "1805"]
[BlackElo "1701"]

1. e4 e5 2. Nf3 Nc6 3. Bc4 Nf6 4. d3 Bc5 5. Nbd2 d6 6. c3 a5 7. Bb3 b5 8. a4 b4
9. O-O O-O 10. h3 h6 11. Re1 Re8 12. Nf1 bxc3 13. bxc3 Bb6 14. d4 Bb7 15. d5 Ne7
16. Bc2 Nd7 17. Ng3 Ba6 18. Be3 Nc5 19. Nh4 Nxd5 20. exd5 Qxh4 21. Nf5 Qf6 22.
Qf3 Kh8 23. Bxc5 Bxc5 24. Re4 Bc8 25. Ree1 Bxf5 26. Bxf5 g6 27. Be4 Qxf3 28. Bxf3
Rab8 29. Rab1 Rb6 30. Rxb6 Bxb6 31. Bd1 Rb8 32. Bc2 Bc5 33. Rb1 Rxb1+ 34. Bxb1
Kg7 35. Kf1 f5 36. f3 1/2-1/2

[Event "Indywidualne Mistrzostwa Polski do lat 20"]
[Site "Osrodek „SUDETY”, Pokrzywna 75"]
[Date "1899-12-30"]
[Round "6.24"]
[White "Bojczewski, Mateusz"]
[Black "Karut, Kacper"]
[Result "1/2-1/2"]
[WhiteTitle "I+"]
[BlackTitle "I"]
[WhiteElo "1868"]
[BlackElo "1826"]

1. c4 e5 2. g3 Nf6 3. Bg2 d5 4. cxd5 Nxd5 5. Nc3 Nb6 6. Nf3 Nc6 7. d3 Be7 8. O-O
O-O 9. b3 f5 10. e3 Bf6 11. Bb2 Be6 12. Qe2 Qe7 13. Rfd1 Rad8 14. Ne1 Qf7 15.
Nc2 Nd5 16. Nxd5 Bxd5 17. e4 fxe4 18. dxe4 Be6 19. Rxd8 Bxd8 20. Rf1 Bf6 21. Qb5
Bc8 22. Qd5 Be6 23. Qb5 Bc8 24. Ne3 a6 25. Qc5 Be6 26. Nd5 Rd8 27. f4 Be7 28.
Nxe7+ Qxe7 29. Qxe7 Nxe7 30. Bxe5 Rd2 31. f5 Bd7 32. a4 Nc6 33. Bxc7 Nd4 34. Rb1
Bc6 35. Bh1 Ne2+ 36. Kf1 Nc3 37. Rc1 Rxh2 38. Kg1 Ne2+ 39. Kxh2 Nxc1 40. b4 Nd3
41. Bd6 Nf2 1/2-1/2

[Event "Indywidualne Mistrzostwa Polski do lat 20"]
[Site "Osrodek „SUDETY”, Pokrzywna 75"]
[Date "1899-12-30"]
[Round "6.25"]
[White "Kocierz, Pawel"]
[Black "Marciniak, Leonard"]
[Result "1-0"]
[WhiteTitle "I"]
[BlackTitle "I+"]
[WhiteElo "1774"]
[BlackElo "1738"]

1. Nf3 Nf6 2. g3 g6 3. Bg2 Bg7 4. O-O O-O 5. c4 d6 6. Nc3 Nc6 7. d3 e5 8. Rb1 h6
9. b4 Nd7 10. b5 Ne7 11. d4 f5 12. dxe5 dxe5 13. Ba3 c5 14. bxc6 bxc6 15. Qd6
Bf6 16. Rfd1 Kf7 17. e4 Qa5 18. Bb4 Qa6 19. Bf1 c5 20. Bxc5 Nxc5 21. Qxc5 Qc6
22. Nxe5+ Bxe5 23. Qxe5 Qf6 24. Qxf6+ Kxf6 25. Nd5+ Nxd5 26. exd5 Ba6 27. c5 Bxf1
28. Kxf1 Rac8 29. Rb5 Rfd8 30. Ke2 g5 31. c6 Rc7 32. Rc5 Ke7 33. Rd3 Kd6 34. Rb5
f4 35. gxf4 gxf4 36. Kf3 Re7 37. Rd4 a6 38. Ra5 Rb8 39. Rxa6 Kc5 40. Rd2 Rd8 41.
Rc2+ Kb5 42. Ra3 Rc7 43. Rb3+ Ka5 44. Rb7 Rcc8 45. Rc3 Ka4 46. Rcb3 Rxd5 47. c7
Rc5 48. R7b4+ Ka5 49. Rb8 R5xc7 50. Ra3# 1-0

[Event "Indywidualne Mistrzostwa Polski do lat 20"]
[Site "Osrodek „SUDETY”, Pokrzywna 75"]
[Date "1899-12-30"]
[Round "7.1"]
[White "Niedbala, Bartlomiej"]
[Black "Pacan-milej, Kosma"]
[Result "1/2-1/2"]
[WhiteTitle "FM"]
[BlackTitle "FM"]
[WhiteElo "2385"]
[BlackElo "2401"]

1. Nf3 Nf6 2. g3 g6 3. b3 Bg7 4. Bb2 O-O 5. Bg2 d6 6. d4 e5 7. dxe5 Ng4 8. Qd2
Nc6 9. O-O dxe5 10. h3 Nh6 11. Rd1 Qxd2 12. Nbxd2 Re8 13. Nc4 f6 14. Ne3 Be6 15.
Nd5 Rac8 16. c4 Nf7 17. Ne1 Nb8 18. Ba3 Bxd5 19. Bxd5 c6 20. Bxf7+ Kxf7 21. e4
Rcd8 22. Bc5 b6 23. Be3 Bf8 24. Nd3 Na6 25. Kf1 Nb4 26. Nxb4 Bxb4 27. Rac1 Ke7
28. Ke2 Rxd1 29. Rxd1 Bc5 30. Rd3 Bxe3 1/2-1/2

[Event "Indywidualne Mistrzostwa Polski do lat 20"]
[Site "Osrodek „SUDETY”, Pokrzywna 75"]
[Date "1899-12-30"]
[Round "7.2"]
[White "Psyk, Radoslaw"]
[Black "Mis, Mieszko"]
[Result "1/2-1/2"]
[WhiteTitle "k++"]
[BlackTitle "FM"]
[WhiteElo "2412"]
[BlackElo "2417"]

1. e4 c6 2. d4 d5 3. Nc3 dxe4 4. Nxe4 Nf6 5. Nxf6+ exf6 6. Be3 Qb6 7. Qc1 c5 8.
d5 Bd6 9. Nf3 O-O 10. Be2 Re8 11. O-O Qc7 12. c4 Bg4 13. h3 Bh5 14. Re1 Nd7 15.
Nh4 Bxe2 16. Rxe2 g6 17. Qc2 Re7 18. Nf3 Rae8 19. Rae1 Ne5 20. Nxe5 Rxe5 21. Kf1
h5 22. Bc1 Qa5 23. Rxe5 Rxe5 24. Rxe5 fxe5 25. Qb3 Qa6 26. a3 b6 27. Bg5 Qc8 28.
Qf3 Qa6 29. Qb3 Qc8 30. Qd3 Kg7 31. Qf3 Qf5 32. Qxf5 gxf5 33. Bd2 f4 34. f3 f5
35. Ke2 Kf7 36. Kd3 Ke7 37. b4 Kd7 38. b5 Ke7 39. a4 Bc7 40. Be1 Ke8 41. Bf2 Bd6
42. Bh4 Be7 43. Be1 Bd8 44. g4 fxg3 45. Bxg3 Bc7 46. Ke2 Bd6 47. Bh4 Be7 48. Be1
Bd8 49. Bg3 Bf6 50. Kd3 Kd7 51. Kc2 Kd6 52. Be1 Bd8 53. Bd2 Kd7 54. Bh6 Bf6 55.
Kb3 Bd8 56. Bg7 Bc7 57. Kc2 Bd6 58. Bf6 Ke8 59. Kd3 Kf7 60. Bg5 Be7 61. Bd2 Bd8
62. Ke2 Kg6 63. Kf2 Bc7 64. Kg2 Kf6 65. Kg3 Kg6 66. Bc3 f4+ 67. Kf2 Kf5 68. Ke2
e4 69. Be1 Bd8 70. Bc3 Bc7 71. Be1 Ke5 1/2-1/2

[Event "Indywidualne Mistrzostwa Polski do lat 20"]
[Site "Osrodek „SUDETY”, Pokrzywna 75"]
[Date "1899-12-30"]
[Round "7.3"]
[White "Kozak, Antoni"]
[Black "Fus, Jakub"]
[Result "1/2-1/2"]
[WhiteTitle "m"]
[BlackTitle "FM"]
[WhiteElo "2356"]
[BlackElo "2384"]

1. Nf3 Nf6 2. c4 e6 3. e3 d5 4. d4 b6 5. Bd3 Bb7 6. O-O Bd6 7. b3 Nbd7 8. Bb2 O-O
9. Nbd2 c5 10. cxd5 exd5 11. Ne5 Qe7 12. Nxd7 Nxd7 13. Qh5 Nf6 14. Qh4 Ne4 15.
Qxe7 Bxe7 16. Rfd1 Nxd2 17. Rxd2 cxd4 18. Bxd4 Bb4 19. Rc2 Rfc8 20. a3 Bd6 21.
Rxc8+ Rxc8 22. b4 g6 23. f4 Bc6 24. g4 Ba4 25. Kf2 Rc7 26. h4 Bc2 27. Ke2 Kf8
28. h5 Ke7 29. Rh1 Bxd3+ 30. Kxd3 Rc8 31. Rf1 Rg8 32. Bc3 Rc8 33. Rh1 Ke6 34.
Rh3 a5 35. bxa5 bxa5 36. Bxa5 Bxa3 37. Bc3 Bc5 38. Rh1 Ra8 39. Rc1 Ra3 40. Ke2
Ra2+ 41. Kf3 gxh5 42. g5 Ra3 43. Ke2 Ra2+ 44. Kf3 Ra3 45. Ke2 Ke5 1/2-1/2

[Event "Indywidualne Mistrzostwa Polski do lat 20"]
[Site "Osrodek „SUDETY”, Pokrzywna 75"]
[Date "1899-12-30"]
[Round "7.4"]
[White "Dalkowski, Rafal"]
[Black "Kosakowski, Jakub"]
[Result "0-1"]
[WhiteTitle "k"]
[BlackTitle "IM"]
[WhiteElo "2126"]
[BlackElo "2437"]

1. d4 Nf6 2. c4 g6 3. Nc3 Bg7 4. e4 d6 5. f3 O-O 6. Be3 Nc6 7. Nge2 a6 8. Qd2 Na5
9. Nc1 Nd7 10. Nb3 Nxb3 11. axb3 c5 12. d5 Rb8 13. Be2 b5 14. cxb5 axb5 15. Nxb5
Ne5 16. b4 Bd7 17. Ra5 cxb4 18. Qxb4 e6 19. O-O exd5 20. exd5 Re8 21. Ba7 Rb7
22. Qd2 Bxb5 23. Bxb5 Rxa7 24. Rxa7 Qb6+ 25. Kh1 Qxb5 26. Rb1 Nc4 27. Qf4 Qxd5
28. b4 Qe6 29. h3 Qe1+ 30. Kh2 Be5 0-1

[Event "Indywidualne Mistrzostwa Polski do lat 20"]
[Site "Osrodek „SUDETY”, Pokrzywna 75"]
[Date "1899-12-30"]
[Round "7.5"]
[White "Krawczyk, Flawian"]
[Black "Koziorowicz, Michal"]
[Result "0-1"]
[WhiteTitle "I++"]
[BlackTitle "k+"]
[WhiteElo "2114"]
[BlackElo "2309"]

1. e4 c5 2. Nf3 g6 3. d4 cxd4 4. Nxd4 Bg7 5. c4 Nc6 6. Be3 Nf6 7. Nc3 d6 8. f3
Nxd4 9. Bxd4 O-O 10. Be2 Be6 11. O-O Qa5 12. Qd2 Rfc8 13. b3 b5 14. cxb5 Nxe4
15. fxe4 Bxd4+ 16. Qxd4 Qxc3 17. Qxc3 Rxc3 18. Rac1 Rac8 19. Bc4 Rxc1 20. Rxc1
Kg7 21. Kf2 f5 22. exf5 Bxf5 23. Rd1 Be4 24. Ke3 Bxg2 25. Rd2 Bb7 26. a4 Rf8 27.
a5 Rf3+ 28. Ke2 Rh3 29. Ke1 d5 30. a6 Ba8 31. b6 dxc4 32. Rd8 axb6 33. Rxa8 cxb3
34. Rb8 b2 35. Rxb6 Rxh2 36. Kd1 Kf7 37. a7 Rh1+ 0-1

[Event "Indywidualne Mistrzostwa Polski do lat 20"]
[Site "Osrodek „SUDETY”, Pokrzywna 75"]
[Date "1899-12-30"]
[Round "7.6"]
[White "Raczek, Krzysztof"]
[Black "Kacprzak, Karol"]
[Result "1/2-1/2"]
[WhiteTitle "I++"]
[BlackTitle "k"]
[WhiteElo "2029"]
[BlackElo "2226"]

1. e4 c5 2. Nf3 d6 3. d4 cxd4 4. Nxd4 Nf6 5. Nc3 a6 6. f3 e6 7. Be3 b5 8. Qd2 Bb7
9. g4 Nfd7 10. O-O-O Nb6 11. Nb3 N8d7 12. Na5 Qc7 13. Kb1 b4 14. Ne2 d5 15. Ng3
Na4 16. Nxb7 Qxb7 17. Ka1 Rd8 18. Qe2 Ndc5 19. exd5 Rxd5 20. Bg2 Rxd1+ 21. Rxd1
Be7 22. f4 Qc7 23. Bd4 O-O 24. Nh5 f6 25. g5 Bd8 26. Qc4 Qf7 27. Ng3 Be7 28. Bh3
e5 29. Qxf7+ Rxf7 30. gxf6 exd4 31. fxe7 Rxe7 32. Bf1 Nb6 33. Kb1 g6 34. Kc1 Rd7
35. Ne2 d3 36. Ng3 1/2-1/2

[Event "Indywidualne Mistrzostwa Polski do lat 20"]
[Site "Osrodek „SUDETY”, Pokrzywna 75"]
[Date "1899-12-30"]
[Round "7.7"]
[White "Wojdak, Jan"]
[Black "Fiedorek, Michal"]
[Result "0-1"]
[WhiteTitle "k"]
[BlackTitle "FM"]
[WhiteElo "2178"]
[BlackElo "2337"]

1. e4 c5 2. Nf3 d6 3. Bb5+ Bd7 4. Bxd7+ Qxd7 5. O-O Nf6 6. Qe2 Nc6 7. c3 e6 8.
d4 cxd4 9. cxd4 d5 10. e5 Ne4 11. Be3 Be7 12. Ne1 f6 13. f3 Ng5 14. Nd3 O-O 15.
Nd2 Rac8 16. Bf2 Nb4 17. f4 Nf7 18. exf6 gxf6 19. Qg4+ Kh8 20. Nc5 Bxc5 21. dxc5
Nh6 22. Qh3 Nf5 23. Kh1 d4 24. Nb3 a5 25. Rad1 Nc6 26. Qf3 a4 27. Nc1 Rcd8 28.
Rfe1 Rfe8 29. Re4 Qd5 30. Nd3 Qxa2 31. g4 Ng7 32. Bh4 Rf8 33. Rde1 Qd5 34. Qg2
Ra8 35. g5 f5 36. R4e2 Qxg2+ 37. Kxg2 Ra5 38. Bf2 Rb5 39. Rd2 Ra8 40. Ne5 Rxc5
41. Nxc6 bxc6 42. Bxd4 Rd5 43. Bxg7+ Kxg7 44. Rc2 Rd6 45. Ra1 Ra6 46. Rc4 Rd2+
47. Kg3 Rb6 48. Raxa4 Rbxb2 49. Ra3 Rg2+ 50. Kf3 Rxh2 51. Kg3 Rbg2+ 52. Kf3 Rf2+
53. Kg3 Rhg2+ 54. Kh3 Rh2+ 55. Kg3 Rhg2+ 56. Kh3 Rc2 57. Rxc2 Rxc2 58. Ra7+ Kg6
59. Re7 Re2 60. Rc7 c5 61. Rxc5 Re3+ 62. Kg2 Kh5 63. Kf2 Ra3 64. Rc6 Kg4 65. Rxe6
Kxf4 66. g6 hxg6 67. Rxg6 Ra2+ 68. Kg1 Kf3 69. Rb6 Ra3 70. Rb7 f4 71. Rb8 Ra1+
72. Kh2 Re1 73. Rb4 Re4 74. Rb3+ Kf2 75. Rb2+ Re2 76. Rb8 f3 77. Rf8 Ke1+ 78.
Kg1 f2+ 79. Kh1 Re7 0-1

[Event "Indywidualne Mistrzostwa Polski do lat 20"]
[Site "Osrodek „SUDETY”, Pokrzywna 75"]
[Date "1899-12-30"]
[Round "7.8"]
[White "Luczak, Filip"]
[Black "Mulawa, Cyprian"]
[Result "1-0"]
[WhiteTitle "FM"]
[BlackTitle "I"]
[WhiteElo "2273"]
[BlackElo "2010"]

1. Nf3 Nf6 2. b3 g6 3. Bb2 Bg7 4. e3 O-O 5. Be2 c5 6. c4 Nc6 7. O-O b6 8. Nc3 Bb7
9. d4 cxd4 10. exd4 d5 11. Re1 Rc8 12. Rc1 Bh6 13. Rb1 Na5 14. Ne5 dxc4 15. bxc4
Nd7 16. Ng4 Bg7 17. Ne3 Nf6 18. d5 Ne8 19. Nb5 Bxb2 20. Rxb2 a6 21. Nd4 Nd6 22.
Rc2 Rc5 23. Nb3 Nxb3 24. axb3 a5 25. Qd4 Qc7 26. Bd3 b5 27. Ng4 f6 28. Rce2 Nc8
29. Rxe7 Nxe7 30. Nxf6+ Kf7 31. d6 Rd5 32. Nxd5 1-0

[Event "Indywidualne Mistrzostwa Polski do lat 20"]
[Site "Osrodek „SUDETY”, Pokrzywna 75"]
[Date "1899-12-30"]
[Round "7.9"]
[White "Sernecki, Franciszek"]
[Black "Golis, Wiktor"]
[Result "1-0"]
[WhiteTitle "FM"]
[BlackTitle "I"]
[WhiteElo "2220"]
[BlackElo "1553"]

1. d4 Nf6 2. c4 e6 3. Nf3 Bb4+ 4. Bd2 Qe7 5. Nc3 b6 6. g3 Bb7 7. Bg2 O-O 8. O-O
Bxc3 9. Bxc3 Ne4 10. Be1 d5 11. Nd2 Rd8 12. Nxe4 dxe4 13. e3 c5 14. Bc3 cxd4 15.
exd4 Nd7 16. Qe2 Nf6 17. a4 a5 18. b3 Rac8 19. f3 exf3 20. Bxf3 Nd5 21. Bb2 Nb4
22. Bxb7 Qxb7 23. Rf3 Nc6 24. Raf1 Rd7 25. d5 exd5 26. cxd5 Nb4 27. Re3 Rf8 28.
Qg4 g6 29. Qd4 f6 30. Rxf6 Qxd5 31. Rxg6+ 1-0

[Event "Indywidualne Mistrzostwa Polski do lat 20"]
[Site "Osrodek „SUDETY”, Pokrzywna 75"]
[Date "1899-12-30"]
[Round "7.10"]
[White "Malek, Jan"]
[Black "Kacprzak, Kacper"]
[Result "1/2-1/2"]
[WhiteTitle "I++"]
[BlackTitle "k"]
[WhiteElo "2149"]
[BlackElo "2219"]

1. e4 c5 2. Nf3 d6 3. Bb5+ Bd7 4. Bxd7+ Qxd7 5. c4 Nf6 6. Nc3 g6 7. d4 cxd4 8.
Nxd4 Bg7 9. f3 O-O 10. Be3 Rc8 11. b3 a6 12. Qd3 Nc6 13. O-O b5 14. cxb5 Ne5 15.
Qd2 d5 16. Nxd5 Nxd5 17. exd5 axb5 18. Rad1 Qxd5 19. Qe2 Nc6 20. Nxb5 Qe6 21.
Rfe1 Nb4 22. Rd2 Nd5 23. Bf2 Qxe2 24. Rexe2 e6 25. g3 Rab8 26. Nd6 Rc1+ 27. Re1
Rc6 28. Ne4 f5 29. Ng5 Bc3 30. Rc2 Nb4 31. Rxe6 Rxe6 1/2-1/2

[Event "Indywidualne Mistrzostwa Polski do lat 20"]
[Site "Osrodek „SUDETY”, Pokrzywna 75"]
[Date "1899-12-30"]
[Round "7.11"]
[White "Sowinski, Pawel"]
[Black "Leskiewicz, Ignacy"]
[Result "1-0"]
[WhiteTitle "I++"]
[BlackTitle "k"]
[WhiteElo "2075"]
[BlackElo "2177"]

1. c4 b6 2. g3 Bb7 3. Nf3 Bxf3 4. exf3 c5 5. d4 cxd4 6. Qxd4 Nc6 7. Qd3 e6 8. Nc3
Nf6 9. f4 Rc8 10. Bg2 Bb4 11. O-O Na5 12. Nb5 a6 13. Nd4 Nxc4 14. a3 Be7 15. b3
Nd6 16. Bb2 b5 17. a4 O-O 18. Rfe1 Qb6 19. a5 Qb8 20. h3 Nb7 21. Nf5 Rfe8 22.
Nxe7+ Rxe7 23. Bxf6 gxf6 24. Qd4 Kg7 25. f5 h5 26. g4 e5 27. Qd5 d6 28. Qf3 Rec7
29. g5 Nc5 30. Rad1 Rd7 31. Qg3 Rg8 32. g6 Kf8 33. Bd5 Qd8 34. b4 Na4 35. Qe3
fxg6 36. Bxg8 Kxg8 37. fxg6 Rg7 38. Kh2 Nb2 39. Rc1 f5 40. Qb6 Qxb6 41. Rc8+ 1-0

[Event "Indywidualne Mistrzostwa Polski do lat 20"]
[Site "Osrodek „SUDETY”, Pokrzywna 75"]
[Date "1899-12-30"]
[Round "7.12"]
[White "Chylewski, Patryk"]
[Black "Budzisz, Adrian"]
[Result "0-1"]
[WhiteTitle "FM"]
[BlackTitle "I++"]
[WhiteElo "2303"]
[BlackElo "1985"]

1. Nf3 Nf6 2. d4 g6 3. c4 Bg7 4. Nc3 d6 5. e4 O-O 6. Be2 c5 7. O-O Nc6 8. d5 Na5
9. h3 e5 10. dxe6 Bxe6 11. Qa4 Nd7 12. Nd5 Nc6 13. Bg5 Qb8 14. Rfd1 Re8 15. Rd2
Bxd5 16. cxd5 Nb6 17. Qc2 Nb4 18. Qb1 c4 19. Be3 Qc7 20. Nd4 Qd7 21. a3 Na6 22.
a4 Nc5 23. a5 Nxe4 24. axb6 Nxd2 25. Qd1 Bxd4 26. Bxd4 Nb3 27. Bxc4 Nxd4 28. Qxd4
axb6 29. Rd1 Qa4 30. b3 Qb4 31. Qc5 0-1

[Event "Indywidualne Mistrzostwa Polski do lat 20"]
[Site "Osrodek „SUDETY”, Pokrzywna 75"]
[Date "1899-12-30"]
[Round "7.13"]
[White "Redzisz, Michal"]
[Black "Maslanka, Wojciech"]
[Result "1-0"]
[WhiteTitle "FM"]
[BlackTitle "I"]
[WhiteElo "2261"]
[BlackElo "1907"]

1. d4 Nf6 2. c4 e6 3. Nc3 Bb4 4. e3 O-O 5. Nge2 b6 6. a3 Bxc3+ 7. Nxc3 Bb7 8. Bd3
d6 9. e4 Nbd7 10. O-O e5 11. d5 Qe7 12. Be3 a5 13. Qe2 Rfe8 14. b4 axb4 15. axb4
Rec8 16. Nb5 Ba6 17. Na3 Bb7 18. Ra2 c5 19. bxc5 dxc5 20. Rfa1 Ne8 21. Nb5 Qd8
22. Na7 Rcb8 23. f4 f6 24. f5 Qc7 25. g4 Nd6 26. h4 Nc8 27. Nb5 Qd8 28. g5 Rxa2
29. Rxa2 Ra8 30. Rxa8 Bxa8 31. g6 h6 32. Qd2 Nf8 33. Qa2 Bb7 34. Bc2 Nd7 35. Ba4
Nb8 36. Qd2 Nd6 37. Nxd6 Qxd6 38. Be8 Qf8 39. Bf7+ Kh8 40. Be6 Bc8 41. Kh2 Bd7
42. Kg3 Qe7 43. Bxh6 Bxe6 44. fxe6 Qe8 45. h5 Qa4 46. d6 Qb3+ 47. Be3 1-0

[Event "Indywidualne Mistrzostwa Polski do lat 20"]
[Site "Osrodek „SUDETY”, Pokrzywna 75"]
[Date "1899-12-30"]
[Round "7.14"]
[White "Trybus, Daniel"]
[Black "Jarzebowski, Kacper"]
[Result "0-1"]
[WhiteTitle "k"]
[BlackTitle "k+"]
[WhiteElo "2067"]
[BlackElo "2148"]

1. e4 c6 2. d4 d5 3. Nc3 dxe4 4. Nxe4 Nf6 5. Nxf6+ exf6 6. c3 Bd6 7. Bd3 O-O 8.
Ne2 Re8 9. Qc2 h5 10. Be3 Nd7 11. c4 Nf8 12. Nc3 Bf4 13. Qd2 Qe7 14. Ne4 Bxe3
15. fxe3 f5 16. Nc3 Qxe3+ 17. Qxe3 Rxe3+ 18. Kd2 Re8 19. Rhe1 Bd7 20. d5 g6 21.
b4 Nh7 22. a4 Nf6 23. dxc6 Bxc6 24. b5 Bxg2 25. Bxf5 Rad8+ 26. Kc2 Rxe1 27. Rxe1
Kf8 28. Rg1 gxf5 29. Rxg2 Ng4 30. Kb3 f4 31. Nd5 f3 32. Rg3 Nxh2 33. Kc3 Rxd5
34. Kd4 0-1

[Event "Indywidualne Mistrzostwa Polski do lat 20"]
[Site "Osrodek „SUDETY”, Pokrzywna 75"]
[Date "1899-12-30"]
[Round "7.15"]
[White "Janeczko, Jakub"]
[Black "Warchol, Kamil"]
[Result "1-0"]
[WhiteTitle "I++"]
[BlackTitle "CM"]
[WhiteElo "2091"]
[BlackElo "1956"]

1. Nf3 d5 2. g3 Nf6 3. Bg2 c6 4. O-O Bf5 5. d3 h6 6. c4 e6 7. Nc3 Be7 8. cxd5 exd5
9. Nd4 Bg6 10. e4 Nbd7 11. Re1 Nc5 12. e5 Nfd7 13. e6 Nxe6 14. Rxe6 fxe6 15. Nxe6
Qb8 16. Bf4 Bd6 17. Qg4 Kf7 18. Ng5+ hxg5 19. Qxd7+ Kg8 20. Bxd6 Qe8 21. Qxb7
Rd8 22. Bc5 Bf5 23. Bd4 Rh7 24. Qc7 g4 25. Rd1 Rc8 26. Qf4 Qh5 27. h4 gxh3 28.
Bf3 h2+ 29. Kh1 Qg6 30. Re1 Bxd3 31. Bg4 Rf8 32. Be6+ Qxe6 33. Qxf8+ Kxf8 34.
Rxe6 Bf5 35. Re3 Kg8 36. f3 c5 37. Bxc5 d4 38. Bxd4 g5 39. g4 Bd7 40. Ne4 1-0

[Event "Indywidualne Mistrzostwa Polski do lat 20"]
[Site "Osrodek „SUDETY”, Pokrzywna 75"]
[Date "1899-12-30"]
[Round "7.16"]
[White "Zalega, Maciej"]
[Black "Rog, Bartlomiej"]
[Result "0-1"]
[WhiteTitle "I"]
[BlackTitle "I++"]
[WhiteElo "1985"]
[BlackElo "2075"]

1. e4 c5 2. Nf3 d6 3. d4 cxd4 4. Nxd4 Nf6 5. Nc3 a6 6. f3 e6 7. Be3 Nbd7 8. Qd2
b5 9. a4 bxa4 10. Nxa4 d5 11. Nc3 dxe4 12. fxe4 Bb7 13. Bd3 Bb4 14. O-O O-O 15.
Ra4 a5 16. Qe2 Nc5 17. e5 Nfd7 18. Raa1 Nxd3 19. cxd3 Nxe5 20. Rad1 Rc8 21. Ndb5
Ng6 22. Ne4 Ba6 23. Na7 Ra8 24. Nc6 Qd5 25. Nxb4 axb4 26. Nc5 Bb5 27. Qd2 Nh4
28. Rf4 Nf5 29. Bf2 Bc6 30. Ne4 Ra4 31. Bc5 Rb8 32. Qf2 Qb3 33. Rf1 Qxd3 34. Nd6
Nxd6 35. Rxf7 Qxf1+ 36. Kxf1 Bb5+ 37. Ke1 Ra1+ 38. Kd2 0-1

[Event "Indywidualne Mistrzostwa Polski do lat 20"]
[Site "Osrodek „SUDETY”, Pokrzywna 75"]
[Date "1899-12-30"]
[Round "7.17"]
[White "Paprocki, Antoni"]
[Black "Kazmierowski, Tymon"]
[Result "0-1"]
[WhiteTitle "I++"]
[BlackTitle "I++"]
[WhiteElo "1889"]
[BlackElo "2077"]

1. e4 c5 2. Nf3 d6 3. d4 cxd4 4. Nxd4 Nf6 5. Nc3 a6 6. Bg5 e6 7. f4 Be7 8. Qf3
Qc7 9. O-O-O Nbd7 10. f5 e5 11. Nde2 b5 12. Bxf6 Nxf6 13. g4 b4 14. Nd5 Nxd5 15.
exd5 Bb7 16. Ng3 O-O-O 17. Ne4 Kb8 18. Qb3 Rc8 19. h4 a5 20. g5 Qb6 21. f6 gxf6
22. gxf6 Bf8 23. Bh3 Bh6+ 24. Kb1 Rc7 25. Ng5 Ba6 26. Bf5 Bc4 27. Qf3 a4 28. Bxh7
Qb5 29. Bd3 b3 30. cxb3 Bxd3+ 31. Rxd3 Bxg5 32. bxa4 e4 33. axb5 exf3 34. Rxf3
Rxh4 35. Rg1 Rg4 36. Re1 Re4 37. Rg1 Rf4 38. Rxf4 Bxf4 39. b3 Be5 40. b6 Rd7 41.
a4 Kb7 42. a5 Bc3 43. Kc2 Bxa5 44. Kd3 Bxb6 45. Rf1 Ka6 46. Ke4 Kb5 47. Rf5 Rd8
48. Kf4 Bd4 49. Kg5 Rg8+ 0-1

[Event "Indywidualne Mistrzostwa Polski do lat 20"]
[Site "Osrodek „SUDETY”, Pokrzywna 75"]
[Date "1899-12-30"]
[Round "7.18"]
[White "Jedrusik, Adam"]
[Black "Kutowski, Marcel"]
[Result "1-0"]
[WhiteTitle "I++"]
[BlackTitle "I+"]
[WhiteElo "1995"]
[BlackElo "1894"]

1. d4 Nf6 2. c4 e6 3. Nc3 Bb4 4. e3 c5 5. Nge2 b6 6. a3 Bxc3+ 7. Nxc3 cxd4 8. exd4
d5 9. Bg5 dxc4 10. Qf3 Qd7 11. Qxa8 Nc6 12. Bxf6 gxf6 13. Bxc4 O-O 14. Bb5 Bb7
15. Qxa7 1-0

[Event "Indywidualne Mistrzostwa Polski do lat 20"]
[Site "Osrodek „SUDETY”, Pokrzywna 75"]
[Date "1899-12-30"]
[Round "7.19"]
[White "Maciejewski, Kamil"]
[Black "Sidorczuk, Pawel"]
[Result "1-0"]
[WhiteTitle "I++"]
[BlackTitle "I+"]
[WhiteElo "1884"]
[BlackElo "1887"]

1. Nf3 d5 2. g3 Nf6 3. Bg2 e6 4. O-O Be7 5. d3 c5 6. Nbd2 O-O 7. e4 Nc6 8. Re1
Qc7 9. e5 Nd7 10. Qe2 b5 11. Nf1 Bb7 12. Bf4 Nb6 13. h4 Rac8 14. h5 Nd4 15. Nxd4
cxd4 16. Rec1 Na4 17. Rab1 h6 18. Nh2 b4 19. Nf3 Qb6 20. g4 Rc6 21. g5 hxg5 22.
Nxg5 Rfc8 23. h6 gxh6 24. Nxf7 Kxf7 25. Qh5+ Kg8 26. Qg6+ Kh8 27. Qxh6+ Kg8 28.
Be4 Bh4 29. Bh7+ Kf7 30. Bg6+ 1-0

[Event "Indywidualne Mistrzostwa Polski do lat 20"]
[Site "Osrodek „SUDETY”, Pokrzywna 75"]
[Date "1899-12-30"]
[Round "7.20"]
[White "Lechowski, Witold"]
[Black "Panek, Bartosz"]
[Result "0-1"]
[WhiteTitle "II"]
[BlackTitle "I++"]
[WhiteElo "1701"]
[BlackElo "2073"]

1. d4 g6 2. e4 Bg7 3. c4 d6 4. Nc3 Nc6 5. Be3 e5 6. d5 Nce7 7. f3 f5 8. exf5 gxf5
9. Qd2 Nf6 10. O-O-O a6 11. h3 f4 12. Bf2 Nf5 13. Bd3 O-O 14. Nge2 Nh5 15. Ne4
Kh8 16. Kb1 Bh6 17. Qc2 Qe7 18. Rhg1 Bd7 19. Rdf1 Rf7 20. g3 fxg3 21. N2xg3 Nhxg3
22. Nxg3 Nxg3 23. Rxg3 Raf8 24. Be4 Bf4 25. Rgg1 Bxh3 26. Rd1 Bf5 27. c5 Bxe4
28. fxe4 Bg5 29. Rg2 h6 30. a3 Kh7 31. cxd6 cxd6 32. Rdg1 Rf3 33. Ka2 Qd7 34.
Rh2 Qe7 35. Qe2 Qf6 36. Bb6 Rf7 37. Rhg2 Rf1 38. Bd8 Qf3 39. Qxf3 R7xf3 40. Bxg5
Rxg1 41. Rxg1 hxg5 42. Rxg5 Rf4 43. Rh5+ Kg7 44. Rg5+ Kf6 45. Rh5 Rxe4 46. Rh6+
Ke7 47. Rh7+ Kd8 48. Rxb7 Rd4 49. Rb6 Rxd5 50. Rxa6 e4 51. Ra8+ Kd7 52. Ra7+ Ke6
53. Ra8 Re5 54. Kb1 e3 55. Kc2 Kf5 56. Kd1 Ke4 57. Ke2 d5 58. Rh8 d4 59. Rh4+
Kd5 60. b3 d3+ 61. Ke1 Rg5 62. Rh1 Kd4 63. b4 Kc3 64. Kd1 Rg2 65. b5 Ra2 0-1

[Event "Indywidualne Mistrzostwa Polski do lat 20"]
[Site "Osrodek „SUDETY”, Pokrzywna 75"]
[Date "1899-12-30"]
[Round "7.21"]
[White "Stefaniuk, Zbigniew"]
[Black "Zielonka, Adam"]
[Result "0-1"]
[WhiteTitle "II+"]
[BlackTitle "I"]
[WhiteElo "1601"]
[BlackElo "1862"]

1. d4 Nf6 2. c4 e6 3. Nf3 Bb4+ 4. Nbd2 b6 5. a3 Bxd2+ 6. Qxd2 Bb7 7. e3 a5 8. Be2
O-O 9. O-O a4 10. b4 axb3 11. Qb4 d6 12. Qxb3 Nbd7 13. Bb2 Re8 14. Rfd1 Qe7 15.
a4 e5 16. a5 Bxf3 17. Bxf3 e4 18. Be2 bxa5 19. Bc3 Reb8 20. Qc2 c5 21. Rxa5 Rxa5
22. Bxa5 cxd4 23. exd4 e3 24. f3 Nh5 25. Rb1 Rxb1+ 26. Qxb1 Nf4 27. Qb2 Qg5 28.
g3 Nxe2+ 29. Qxe2 Qxa5 30. Qxe3 Qa1+ 31. Kg2 Qa2+ 32. Kg1 Qxc4 33. Qe8+ Nf8 34.
Qe3 Ne6 35. Kg2 Qxd4 36. Qe2 g6 37. h3 h5 38. h4 Qxh4 39. Qd2 Qd4 40. Qh6 h4 41.
gxh4 Qf4 0-1